Lokalizační teorie

V regionálnych teóriách predstavujú lokalizačné teórie vývojovo najstaršiu skupinu, bezprostredne sa vzťahujúcu k vlastným teoretickým základom priestorovej ekonomiky. Príspevok zobrazuje vývoj lokalizačných teórií od polovice 19. storočia do 70. rokov 20. storočia. Všeobecne o teóriách lokalizácie....

Full description

Saved in:
Bibliographic Details
Main Author: Gibarti, Jana
Format: Book Chapter
Language:Czech
Subjects:
Tags: Add Tag
No Tags, Be the first to tag this record!

MARC

LEADER 00000naa$a2200000$$$4500
001 0004715
005 20231004075915.5
041 0 |a cze 
044 |a CZ 
245 1 0 |a Lokalizační teorie  |c aut. Jana Gibarti 
520 |a V regionálnych teóriách predstavujú lokalizačné teórie vývojovo najstaršiu skupinu, bezprostredne sa vzťahujúcu k vlastným teoretickým základom priestorovej ekonomiky. Príspevok zobrazuje vývoj lokalizačných teórií od polovice 19. storočia do 70. rokov 20. storočia. Všeobecne o teóriách lokalizácie. Špeciálne teórie lokalizácie. Teórie lokalizácie poľnohospodárstva a priemyslu. Významní regionalisti, ktorí uplatňovali lokalizačné teórie. 
610 2 0 |a regionalistika 
610 2 0 |a lokalizácia 
610 2 0 |a ekonomika priestorová 
610 2 0 |a ekonomika regionálna 
610 2 0 |a teórie rozvoja regionálneho 
100 1 |a Gibarti, Jana